| 000 | 01441pam a2200361 a 4500 | ||
|---|---|---|---|
| 001 | 2859493 | ||
| 003 | NUST-PNEC | ||
| 005 | 20170116180707.0 | ||
| 008 | 850425s1985 nyua b 001 0 eng | ||
| 010 | _a 85010997 | ||
| 020 | _a0070535531 : | ||
| 040 |
_aDLC _cPNEC _dDLC |
||
| 050 | 0 | 0 |
_aQC320.4 _b.H36 1985 |
| 082 | 0 | 0 | _a621.4022 ROH |
| 100 |
_9405 _aRohsenow Warren M. |
||
| 245 | 0 | 0 |
_aHandbook of heat transfer applications / _ceditors, Warren M. Rohsenow, James P. Hartnett, Ejup N. Ganić. |
| 250 | _a2nd ed. | ||
| 260 |
_aNew York : _bMcGraw-Hill, _cc1985. |
||
| 300 |
_a1 v. (various pagings) : _bill. ; _c24 cm. |
||
| 500 | _ahttp://www.amazon.com/Handbook-Transfer-Applications-Warren-Rohsenow/dp/0070535531/ref=sr_1_1?s=books&ie=UTF8&qid=1411968005&sr=1-1&keywords=0070535531 | ||
| 500 | _aRev. ed. of part of: Handbook of heat transfer / edited by Warren M. Rohsenow, J.P. Hartnett. c1973. | ||
| 500 | _aCompanion volume to Handbook of heat transfer fundamentals. | ||
| 504 | _aIncludes bibliographies and index. | ||
| 650 | 0 |
_aHeat _xTransmission _xHandbooks, manuals, etc. |
|
| 650 | 0 |
_aMass transfer _xHandbooks, manuals, etc. |
|
| 700 | 1 | _aRohsenow, Warren M. | |
| 700 | 1 |
_aHartnett, J. P. _q(James P.) |
|
| 700 | 1 | _aGanić, Ejup N. | |
| 730 | 0 | _aHandbook of heat transfer. | |
| 730 | 0 | _aHandbook of heat transfer fundamentals. | |
| 906 |
_a7 _bcbc _corignew _d1 _eocip _f19 _gy-gencatlg |
||
| 942 |
_2ddc _cBK |
||
| 999 |
_c60792 _d60792 |
||